Secularism as Misdirection: critical thought from the global south (Record no. 1269226)

MARC details
000 -LEADER
fixed length control field 01494nam a2200217 4500
005 - DATE AND TIME OF LATEST TRANSACTION
control field 20250327165059.0
008 - FIXED-LENGTH DATA ELEMENTS--GENERAL INFORMATION
fixed length control field 250324b |||||||| |||| 00| 0 eng d
020 ## - INTERNATIONAL STANDARD BOOK NUMBER
International Standard Book Number 9788178246970
037 ## - SOURCE OF ACQUISITION
Terms of availability Textual
040 ## - CATALOGING SOURCE
Original cataloging agency RTL
Transcribing agency RTL
084 ## - COLON CLASSIFICATION NUMBER
Classification number V2:3(Q).1 R3
Assigning agency RTL
100 ## - MAIN ENTRY--PERSONAL NAME
Personal name Menon, Nivedita
245 ## - TITLE STATEMENT
Title Secularism as Misdirection: critical thought from the global south
260 ## - PUBLICATION, DISTRIBUTION, ETC.
Place of publication, distribution, etc. Ranikhet
Name of publisher, distributor, etc. Permanent Black
Date of publication, distribution, etc. 2024
300 ## - PHYSICAL DESCRIPTION
Extent xv, 478p.
Other physical details Includes bibliography and Index
520 ## - SUMMARY, ETC.
Summary, etc. In the performance of a magic trick, misdirection draws attention away from the trick to another place which appears more fascinating. This book shows how secularism creates such a misdirection.<br/><br/>Menon argues that secularism stands in as an umbrella term for a range of associated ideas – global science, historical progress, general development, individual freedom, rational choice. Within this grid of meanings linked with secularism, certain features become hypervisible (religion, women) while others are obscured (caste, capitalism, the non-individuated and non-rational self). Secularism, Menon shows, is merely a strategy of rule, being compatible with both democracy and authoritarianism, capitalism and socialism.
650 ## - SUBJECT ADDED ENTRY--TOPICAL TERM
Topical term or geographic name entry element Secularism -- Political aspects -- Developing countries
9 (RLIN) 747481
650 ## - SUBJECT ADDED ENTRY--TOPICAL TERM
Topical term or geographic name entry element Secularism -- Developing countries
9 (RLIN) 747482
650 ## - SUBJECT ADDED ENTRY--TOPICAL TERM
Topical term or geographic name entry element Religion and state -- Developing countries
9 (RLIN) 747483
942 ## - ADDED ENTRY ELEMENTS (KOHA)
Source of classification or shelving scheme Colon Classification (CC)
Suppress in OPAC No
Koha item type Textbook
Classification part V2:3(Q).1 R3
Holdings
Withdrawn status Lost status Source of classification or shelving scheme Damaged status Not for loan Home library Current library Date acquired Total Checkouts Full call number Barcode Date last seen Price effective from Koha item type
    Colon Classification (CC)     Ratan Tata Library Ratan Tata Library 2025-03-24   V2:3(Q).1 R3 RT1585241 2025-11-25 2025-03-24 Textbook
Copyright @ Delhi University Library System